| 000 | 01973nam0a2200325 i 4500 | ||
|---|---|---|---|
| 001 | RU\NLR\BIBL_A\011616206 | ||
| 005 | 20240921194150.0 | ||
| 010 |
_a9785916924411 _9300 |
||
| 021 |
_aRU _b2017-101272 _97302 |
||
| 035 | _a(RuMoRGB)009506297 | ||
| 035 | _a(NLR Aleph) 011616206 | ||
| 090 |
_a10960558 _c10960558 |
||
| 100 | _a20180201d2017 km y0rusy50 ca | ||
| 101 | 0 | _arus | |
| 102 | _aRU | ||
| 105 | _aa|||z|||000zy | ||
| 200 | 1 |
_aРегиональная экономика и территориальное управление _eучебно-методическое пособие _e[для студентов направлений подготовки "Экономика" и "Менеджмент"] _fР. Р. Аванесова _gМинистерство образования и науки Российской Федерации, Федеральное государственное бюджетное образовательное учреждение высшего образования "Адыгейский государственный университет" |
|
| 210 |
_aМайкоп _cИзд-во АГУ _d2017 |
||
| 215 |
_a158 с. _cцв. ил., табл. _d20 |
||
| 320 | _aБиблиогр.: с. 116-121 и в конце тем | ||
| 606 | 1 |
_aРегиональная экономика _jУчебные издания для высших учебных заведений _yРоссийская Федерация _92073469 _3RU\NLR\AUTH\661248372 |
|
| 606 | 1 |
_aРегиональное управление _jУчебные издания для высших учебных заведений _yРоссийская Федерация _92078905 _3RU\NLR\AUTH\661254772 |
|
| 686 |
_aУ049(2)8я73-14 _2rubbk |
||
| 686 | 1 | _aУ04(2)9я73 | |
| 686 | 1 | _aУ21(2)9(2Р)я73 | |
| 700 | 1 |
_aАванесова _bР. Р. _gРита Рафаэловна |
|
| 942 | _cBOOK | ||
| 980 | _aNBR | ||